Сердце отдаю детям (Record no. 312194)

MARC details
000 -Лідер
fixed length control field 00621nam a22002537a 4500
003 - Ідентифікатор контрольного номера
control field UA-OsUOA
001 - Контрольний номер
control field 25889
007 - Фіксоване поле фізичного опису
fixed length control field ta
008 - Елементи даних фіксованої довжини – загальна інформація
fixed length control field 20040429b un ||||| |||| 00| 0 ukr d
090 ## - Локальний шифр розміщення
Класифікаційний індекс УДК 37.011
Авторський знак (НП) С91
040 ## - Джерело каталогізації
Агенція оригінальної каталогізації UA-OsUOA
Мова каталогізації rus
Агенція, яка здійснювала перезапис UA-OsUOA
Агенція, яка здійснювала модифікацію UA-OsUOA
041 ## - Код мови
Код мови тексту/ звукової доріжки чи окремого заголовка (П) rus
080 ## - Індекс Універсальної десяткової класифікації
Індекс Універсальної десяткової класифікації (УДК) (НП) 37.011
044 ## - Код країни видавця/ виробника
Код країни видавця/ виробника (П) UA
100 ## - Основне введення – ім’я особи
Ім’я особи (НП) Сухомлинский В.А.
245 ## - Відомості про назву
Назва (НП) Сердце отдаю детям
260 ## - Публікація, розповсюдження і т.п. (Вихідні дані)
Місце публікації, розповсюдження і т.п. (П) Киев
Ім’я/ наймення видавництва, розповсюджувача і т.п. (П) Радянська школа
Дата публікації, розповсюдження і т.п. (П) 1977
250 ## - Відомості про видання (редакцію)
-- 5-е изд.
300 ## - Фізичний опис
Обсяг 382 с.
Інші фізичні характеристики (НП) Ілюстрації
650 #7 - Додаткове предметне введення – тематичний термін
Джерело заголовка чи терміна UDC
942 ## - Додаткові елементи входу (Коха)
Тип елемента Koha Books
955 ## - Код типу видання за змістом
Код типу видання за змістом (НП) інше
Holdings
Стан вилучень Стан втрат Джерело класифікації або схеми стелажів Стан уражень Не для кредиту Постійне місце розташування Поточне розміщення Дата придбання Інвентарний номер Усього замовленно Повний номер виклику Штрих-код Дата останнього перегляду Ціна ефективна від Тип елемента Koha Вартість, звичайна ціна покупки
    Universal Decimal Classification     АБ - Абонемент НБ АБ - Абонемент НБ 31/08/2012 43261   37.011 С91 43261 21/12/2021 29/04/2004 Books  
    Universal Decimal Classification     ЧЗ - Читальна зала ЧЗ - Читальна зала 29/04/2004 68205   37.011 С91 68205 17/11/2021 29/04/2004 Books 10.58